000 00326 a2200169 4500
001 175429
020 _a85-262-4968-1
040 _cMagnum
100 _aMachado, Sídio
240 1 0 _aBiologia
_lpor
245 1 0 _aBiologia
300 _a536
362 0 _a2004
440 1 _aScipione
697 _aBIOLOGIA
942 _cBK
999 _c175429
_d175429